You're in my head like a catchy song (my little pony) - lyrics - Statistics

General Stats
  • This quiz has been taken 21 times
  • The average score is 95 of 133
Answer Stats
Answer % Correct
my
100%
a
90%
And
90%
and
90%
catchy
90%
head
90%
I
90%
in
90%
like
90%
song
90%
you
90%
you're
90%
You're
90%
are
80%
be
80%
best
80%
But
80%
cant
80%
for
80%
it
80%
know
80%
love
80%
of
80%
On
80%
on
80%
that
80%
the
80%
we
80%
We're
80%
all
70%
always
70%
apart
70%
as
70%
day
70%
every
70%
fall
70%
far
70%
goes
70%
heart
70%
I'll
70%
it's
70%
miles
70%
mine
70%
part
70%
see
70%
them
70%
to
70%
way
70%
who
70%
with
70%
You'll
70%
falling
60%
if
60%
If
60%
just
60%
leaves
60%
makes
60%
may
60%
me
60%
one
60%
only
60%
pair
60%
path
60%
perfect
60%
smile
60%
tells
60%
us
60%
wrong
60%
air
50%
breathe
50%
change
50%
even
50%
From
50%
have
50%
help
50%
not
50%
or
50%
pulled
50%
rain
50%
Seasons
50%
shine
50%
through
50%
world
50%
worth
50%
blame
40%
cannot
40%
prickly
40%
too
40%
worthwhile
40%
should
30%
sure
30%
hold
20%
No matching quizzes found
Score Distribution
Percent of People with Each Score
Percentile by Number Answered
Your Score History
You have not taken this quiz